Les Simpson - Vrai ou Faux (bêtises de Bart) - Statistiques

Statistiques générales
  • Ce quiz a été pris 82 fois
  • Le résultat moyen est 14 sur 20
Statistiques - réponses
Question Réponse % Correct
Bart a volé tous les extincteurs de l'école Vrai
100%
Bart a fait croire qu'il a été kidnappé Vrai
100%
Bart a détruit une partie de la ville avec une onde sonore issue de plusieurs mégaphones placés à la suite Vrai
93%
Bart a mis le feu au sapin de Noël dans leur salon Vrai
93%
Bart a fugué Vrai
87%
Bart a organisé un faux mariage pour obtenir des cadeaux Vrai
87%
Bart a volé un jeu vidéo dans un magasin Vrai
87%
Bart a fait renvoyer Krapabelle de l'école Vrai
87%
Bart s'est fabriqué un faux permis de conduire Vrai
73%
Bart a fait couler un bateau de croisière Faux
67%
Bart a mangé des burgers à en vomir Faux
67%
Bart a volé la carte bancaire de son père Vrai
67%
Bart a lancé une boule puante dans la salle des profs Faux
60%
Bart a inondé le sous-sol de Flanders Faux
60%
Bart a jeté des pétards dans les toilettes de l'école Vrai
60%
Bart a fait renvoyer Skinner de l'école Vrai
60%
Bart a volé le téléphone portable d'une célébrité Vrai
60%
Bart est entré par effraction dans la boutique du vendeur de BD Faux
47%
Bart a tué le hamster de l'école Faux
40%
Bart a fait dérailler un train en mettant une pièce de monnaie sur des rails Faux
13%
Aucun quiz correspondant
Distribution des résultats
% des personnes avec chaque résultat
Percentile par nombre de réponses
Votre historique - résultats
Vous n’avez pas pris ce quiz